Structural vibrations : part 1 - basic theory and testing (Record no. 22948)

MARC details
000 -LEADER
fixed length control field 00832cab a2200193 4500
001 - CONTROL NUMBER
control field ABS42102
008 - FIXED-LENGTH DATA ELEMENTS--GENERAL INFORMATION
fixed length control field 090401t xxu||||| |||| 00| 0 eng d
035 ## - SYSTEM CONTROL NUMBER
System control number (Sirsi) u34726
041 ## - LANGUAGE CODE
Language code of text/sound track or separate title eng
100 ## - MAIN ENTRY--PERSONAL NAME
Personal name Williams, C.
245 ## - TITLE STATEMENT
Title Structural vibrations : part 1 - basic theory and testing
350 ## - PRICE (NR) (BK AM CF MU VM SE) [OBSOLETE]
Price 0
490 ## - SERIES STATEMENT
Series statement Structural Survey
Volume/sequential designation 8(3) Winter 89/90, 280-291(12)
520 ## - SUMMARY, ETC.
Summary, etc. Basic introduction for surveyors outlines the nature of vibrations in buildings. Contains some graphs and illustrations of how vibration effects buildings and people in them. Also looks at some of the factors to be taken into account in the measurement and analysis of vibration.
650 ## - SUBJECT ADDED ENTRY--TOPICAL TERM
Topical term or geographic name entry element BUILT ENVIRONMENT-BUILDING SURVEYING-STRUCTURAL SURVEYING
690 ## - LOCAL SUBJECT ADDED ENTRY--TOPICAL TERM (OCLC, RLIN)
Topical term or geographic name as entry element BUILT ENVIRONMENT-CONSTRUCTION DESIGN
942 ## - ADDED ENTRY ELEMENTS (KOHA)
Suppress in OPAC 0
948 ## - LOCAL PROCESSING INFORMATION (OCLC); SERIES PART DESIGNATOR (RLIN)
c (OCLC) 04/03/1997
Holdings
Withdrawn status Lost status Source of classification or shelving scheme Damaged status Not for loan Home library Current library Shelving location Date acquired Total Checkouts Full call number Barcode Date last seen Copy number Price effective from Koha item type
    Dewey Decimal Classification     London London Journal article 14/09/1999   ABS42102 34726-1001 06/08/2019 1 06/08/2019 Journal article